| Art - Music/Opera | 4 | 12.50 | 100% | 25% | 0% |
| Art - Other | 5 | 10.00 | 80% | 20% | 0% |
| Art - Painting/Sculpture | 4 | 17.50 | 100% | 50% | 25% |
| Art - Visual | 2 | 10.00 | 100% | 0% | 0% |
| Current Events/Modern World - Western social | 1 | 20.00 | 100% | 100% | 0% |
| Geography - Europe | 1 | 20.00 | 100% | 100% | 0% |
| Geography - Mixed/any | 1 | 10.00 | 100% | 0% | 0% |
| Geography - Non-U.S. Americas | 1 | 20.00 | 100% | 100% | 0% |
| Geography - Oceania/Pacific | 1 | 30.00 | 100% | 100% | 100% |
| History - American | 6 | 13.33 | 100% | 33% | 0% |
| History - European | 5 | 20.00 | 100% | 60% | 40% |
| History - Other | 6 | 15.00 | 100% | 50% | 0% |
| History - World | 8 | 12.50 | 100% | 25% | 0% |
| Literature - American any | 1 | 10.00 | 100% | 0% | 0% |
| Literature - American long fiction | 2 | 15.00 | 100% | 50% | 0% |
| Literature - American poetry | 4 | 10.00 | 75% | 0% | 25% |
| Literature - American short fiction | 1 | 10.00 | 100% | 0% | 0% |
| Literature - British any | 1 | 10.00 | 100% | 0% | 0% |
| Literature - British long fiction | 2 | 5.00 | 50% | 0% | 0% |
| Literature - British poetry | 3 | 10.00 | 100% | 0% | 0% |
| Literature - British short fiction | 1 | 0.00 | 0% | 0% | 0% |
| Literature - European any | 1 | 10.00 | 100% | 0% | 0% |
| Literature - European long fiction | 2 | 10.00 | 100% | 0% | 0% |
| Literature - European poetry | 1 | 10.00 | 100% | 0% | 0% |
| Literature - World/Misc long fiction | 2 | 10.00 | 100% | 0% | 0% |
| Literature - World/Misc poetry | 3 | 10.00 | 100% | 0% | 0% |
| Literature - World/Misc short fiction | 2 | 5.00 | 50% | 0% | 0% |
| Mythology - Egyptian | 1 | 10.00 | 100% | 0% | 0% |
| Mythology - Greco/Roman | 2 | 15.00 | 100% | 50% | 0% |
| Mythology - Hindu | 1 | 20.00 | 100% | 0% | 100% |
| Mythology - Mixed/Any | 1 | 20.00 | 100% | 100% | 0% |
| Other Academic/Cross-Category - Any | 2 | 15.00 | 100% | 50% | 0% |
| Philosophy - Ancient | 2 | 15.00 | 100% | 50% | 0% |
| Philosophy - Mixed/Any | 2 | 15.00 | 100% | 0% | 50% |
| Philosophy - Pre-20th | 2 | 10.00 | 100% | 0% | 0% |
| Religion - Buddhism | 1 | 10.00 | 100% | 0% | 0% |
| Religion - Christianity/Judaism | 2 | 15.00 | 100% | 50% | 0% |
| Religion - Hinduism | 1 | 10.00 | 100% | 0% | 0% |
| Religion - Islam | 1 | 20.00 | 100% | 100% | 0% |
| Religion - Mixed/Any | 2 | 20.00 | 100% | 100% | 0% |
| Science - Biology | 7 | 20.00 | 100% | 86% | 14% |
| Science - Chemistry | 4 | 17.50 | 100% | 50% | 25% |
| Science - Compsci | 1 | 20.00 | 100% | 100% | 0% |
| Science - Earth | 1 | 20.00 | 100% | 0% | 100% |
| Science - Other | 2 | 20.00 | 100% | 100% | 0% |
| Science - Physics | 2 | 15.00 | 100% | 50% | 0% |
| Social Science - Anthropology | 2 | 5.00 | 50% | 0% | 0% |
| Social Science - Economics | 3 | 13.33 | 100% | 33% | 0% |
| Social Science - Linguistics | 1 | 10.00 | 100% | 0% | 0% |
| Social Science - Mixed/Any | 2 | 15.00 | 50% | 100% | 0% |
| Social Science - Psychology | 2 | 10.00 | 100% | 0% | 0% |
| Social Science - Sociology | 1 | 10.00 | 100% | 0% | 0% |